000 00704nam a2200253Ia 4500
003 OSt
005 20220918174340.0
006 a|||||r|||| 00| 0
007 ta
008 220917b |||||||| |||| 00| 0 eng d
024 _a11,730
037 _cTextual
040 _aARTS
_cARTS
_beng
041 _2eng
_aeng
082 _a/\, L5
100 _aStaal Frits
_950093
245 0 _aExploring mysticism
_b A methodological essay
260 _aBerkelye
_bUniv oF California Press
_c1975
300 _axix,230p.
_ccm.
500 _aAppendix 201-08p; Glossary 209-14p; Bibliography 215-24p
650 _aSPIRITUALISM
942 _h/\, L5
_cTEXL
_2CC
999 _c152817
_d152817